بحوث فى السنة المشرفة : (Record no. 64536)
[ view plain ]
| 000 -الفاتح | |
|---|---|
| حقل البيانات ثابتة الطول | 00739nam a22002177a 4500 |
| 005 - وقت وتاريخ اخر تعامل مع التسجيلة | |
| رقم الضبط | 20240530110736.0 |
| 008 - عناصر البيانات ثابتة الطول - معلومات عامة | |
| حقل البيانات ثابتة الطول | 180718s1991 le g 00| 0dara d |
| 040 ## - مصدر الفهرسة | |
| وكالة الفهرسة الأصلية | EG-CaGPL |
| وكالة النسخ | EG-CaGPL |
| 082 04 - رقم تصنيف ديوى العشرى | |
| رقم الطبعة | 21 |
| رقم التصنيف | 210 / |
| رقم المادة | ع ب |
| 100 0# - المدخل الرئيسى - إسم شخصى | |
| الإسم الشخصى | عبدالغنى عبدالخالق |
| 245 10 - بيان العنوان | |
| العنوان | بحوث فى السنة المشرفة : |
| بقية العنوان | بحث اصولى / |
| بيان المسئوليه,etc | عبدالغنى عبدالخالق |
| 250 ## - بيان الطبعة | |
| بيان الطبعة | ط.1 |
| 260 ## - PUBLICATION, DISTRIBUTION, ETC. (IMPRINT) | |
| تاريخ النشر أو التوزيع | 1991. |
| 300 ## - الوصف المادى | |
| التعداد | 60 ص. ؛ |
| أبعاد الوعاء | 24 سم. |
| 650 07 - المدخل الاضافى بالموضوع-مصطلح موضوعى | |
| مصدر الرأس أو المصطلح | qrmak |
| مصطلح موضوعي | الدين الاسلامى |
| 650 07 - المدخل الاضافى بالموضوع-مصطلح موضوعى | |
| مصدر الرأس أو المصطلح | qrmak |
| مصطلح موضوعي | السنة النبوية |
| 650 07 - المدخل الاضافى بالموضوع-مصطلح موضوعى | |
| مصدر الرأس أو المصطلح | qrmak |
| مصطلح موضوعي | الشريعة الاسلامية |
| 651 ## - المدخل الاضافى بالموضوع - اسم جغرافى | |
| مصدر الرأس أو المصطلح | qrmak |
| 942 ## - عناصر المدخل الإضافي( كوها) | |
| مصدر التصنيف او مخطط الترفيف | Dewey Decimal Classification |
| Koha [default] item type | كتاب |
| 260 ## - PUBLICATION, DISTRIBUTION, ETC. (IMPRINT) | |
| -- | بيروت : |
| -- | دار الجيل، |
| حالة التراجع | حالة الفقد | حالة تلف | ليس للاعارة | المكان المؤقت | الموقع الحالى | موقع الترفيف | تاريخ الاكتساب | اجمالي اﻻعارات | رقم الطلب | الباركود | تاريخ اخر مشاهدة | تاريخ تفعيل السعر | نوع وعاء كوها |
|---|---|---|---|---|---|---|---|---|---|---|---|---|---|
| مكتبة القاهرة الكبرى | مكتبة القاهرة الكبرى | القاعة الرئيسية | 07/18/2018 | 210 / ع ب | 164963 | 07/18/2018 | 07/18/2018 | كتاب | |||||
| مكتبة القاهرة الكبرى | مكتبة القاهرة الكبرى | القاعة الرئيسية | 07/18/2018 | 210 / ع ب | 164964 | 07/18/2018 | 07/18/2018 | كتاب |

